[Event "BEL-ch U12"]
[Site "Blankenberge"]
[Date "2014.04.19"]
[Round "9"]
[White "Decruyenaere, Robbert"]
[Black "Dambiermont, Henri"]
[Result "1-0"]
[WhiteElo "1526"]
[BlackElo "1165"]
[PlyCount "71"]
[EventDate "2014.04.13"]
[EventType "swiss"]
[EventRounds "9"]
[EventCountry "BEL"]
[SourceTitle "EXT 2022"]
[Source "ChessBase"]
[SourceDate "2021.10.06"]
[SourceVersion "1"]
[SourceVersionDate "2021.10.06"]
[SourceQuality "1"]

1. d4 d5 2. Nf3 e6 3. c4 c6 4. Nc3 f5 5. Bg5 Nf6 6. e3 Bd6 7. Be2 0-0 8. 0-0 Qe8 9. Bh4 Ne4 10. Qc2 Nd7 11. Ng5 Nxg5 12. Bxg5 b6 13. cxd5 cxd5 14. Nb5 Bb8 15. Nc7 Bxc7 16. Qxc7 a5 17. Rac1 Rb8 18. Bb5 Rb7 19. Qd6 Rf7 20. Rc2 Qf8 21. Qxe6 Nc5 22. Qxd5 Be6 23. Qd8 Qxd8 24. Bxd8 Rf8 25. Bh4 Ne4 26. b3 g5 27. Bg3 f4 28. exf4 gxf4 29. Bh4 Rg7 30. Re1 Bh3 31. f3 Nc3 32. Bc4+ Kh8 33. Kh1 Bxg2+ 34. Rxg2 Rxg2 35. Kxg2 Nxa2 36. Re8 1-0